000
00238 a2200097 4500
001
34440
100
_a
Arora.S.K
245
_a
Encyclopedic dictionary of Mathematics
260
_a
New Delhi
_b
Anmal Publisher
_c
1991
090
_c
22735
_d
22735
942
_a
NUST-CAE
_c
M
_c
14153
999
_c
269513
_d
269513